000 01049nam a2200241 a 4500
001 000377255
003 AM-YeHGA
005 20250618072309.0
008 041103s1986 ai a|||gr|||||||||1|arm|d
040 _aAM-YeHGA
041 1 _aarm
_hrus
100 1 _aՍերգեև-Ցենսկի, Սերգեյ
245 1 0 _aԱրակուշ :
_b[Պատմվածքներ] /
_cՍ.Ն. Սերգեև-Ցենսկի ; Խմբ.՝ Լ.Տ. Սարգսյան ; Նկ.՝ Խ. Հակոբյան ; Ռուս. թարգմ.՝ Ս. Քրիստոստուրյան.
260 _aԵրևան :
_bՍովետական գրող,
_c1986.
300 _a26 էջ :
_bնկ. ;
_c30 սմ.
500 _aՏողատ. ծանոթագր.
650 1 4 _aՌուս մանկական գրականություն
_xՊատմվածք
700 1 _aՍարգսյան, Լիպարիտ Տիգրանի,
_d1938-2023
_eխմբ.
_4edt
_91060
700 1 _aՀակոբյան, Խորեն Զավենի,
_d1945-
_eնկ.
_4art
_93428
700 1 _aՔրիստոստուրյան, Ս.
_eթարգմ.
_4trl
942 _2udc
_cBK
090 _c145589
999 _c144206
_d144206